| 000 | 00955nam a2200265 a 4500 | ||
|---|---|---|---|
| 001 | 000023150 | ||
| 005 | 20200930022024.0 | ||
| 008 | 101129s1982 sp r 001 e spa d | ||
| 020 | _a8471303663 | ||
| 040 |
_aDO-SdBNP _bspa _cBNPHU |
||
| 041 | 1 | 7 |
_aspa _heng _2Código de idiomas MARC |
| 082 |
_annnn _bB918i |
||
| 100 | 1 |
_aBuchanan, James M., _d1919- _940259 |
|
| 245 | 1 | 0 |
_aIntroducción a la ciencia de la Hacienda Pública / _cJames M. Buchanan, Marilyn R. Flowers ; traducción de Jesús Ruza Tardío y Fernando Castro. |
| 260 |
_aMadrid : _bEditoriales de Derecho Reunidas, _c1982. |
||
| 300 |
_aXLVII, 652 p. ; _c22 cm. |
||
| 490 | 1 | _aMonografías | |
| 500 | _aIncluye índice | ||
| 504 | _aIncluye referencias bibliográficas y notas al pie de las páginas. | ||
| 700 | 1 |
_aFlowers, Marilyn R., _947662 |
|
| 700 | 1 |
_aRuza, Jesús, _etr. _947663 |
|
| 700 | 1 |
_aCastro, Fernando, _etr. _947664 |
|
| 830 | 0 |
_aMonografías _915334 |
|
| 049 | _aBNGR | ||
| 999 |
_c22647 _d22647 |
||